Pilotes de Formule 1 en 2008 - Statistiques

Statistiques générales
  • Ce quiz a été pris 31 fois
  • Le résultat moyen est 15 sur 22
Statistiques - réponses
Ecurie Numéro Nationalité Nom du pilote Grand Prix disputés % Correct
Ferrari 1 Finlandais Raikkonen Tous
100%
Ferrari 2 Brésilien Massa Tous
97%
Renault 5 Espagnol Alonso Tous
93%
Toro Rosso 15 Allemand Vettel Tous
93%
BMW 4 Polonais Kubica Tous
90%
Mclaren 22 Britannique Hamilton Tous
86%
Redbull 10 Australien Webber Tous
76%
Honda 16 Britannique Button Tous
72%
Renault 6 Brésilien Piquet Tous
72%
Williams 7 Allemand Rosberg Tous
72%
Honda 17 Brésilien Barrichello Tous
62%
Redbull 9 Britannique Coulthard Tous
62%
Mclaren 23 Finlandais Kovalainen Tous
62%
Toyota 11 Italien Trulli Tous
62%
Toyota 12 Allemand Glock Tous
55%
Super Aguri 18 Japonais Sato De Melbourne à Barcelone puis faillite de l'écurie
55%
Toro Rosso 14 Français Bourdais Tous
52%
Force India 21 Italien Fisichella Tous
52%
BMW 3 Allemand Heidfeld Tous
52%
Force India 20 Allemand Sutil Tous
45%
Williams 8 Japonais Nakajima Tous
34%
Super Aguri 19 Britannique Davidson De Melbourne à Barcelone puis faillite de l'écurie
28%
Aucun quiz correspondant
Distribution des résultats
% des personnes avec chaque résultat
Percentile par nombre de réponses
Votre historique - résultats
Vous n’avez pas pris ce quiz